| 000 | 00447nam a2200181Ia 4500 | ||
|---|---|---|---|
| 008 | 230524s9999 xx 000 0 und d | ||
| 020 | _a9789350143933 | ||
| 082 |
_a621.31913 _bBUR |
||
| 100 |
_aSimmi P.Burman _942049 |
||
| 245 | 0 | _aHigh Voltage Engineering | |
| 250 | _a1 | ||
| 260 |
_aNew Delhi _bKatson _c2013 |
||
| 300 | _a235p; | ||
| 500 | _aQuantity Number: 1 | ||
| 650 | _aElectrical | ||
| 700 |
_a Nikita Gupta _942050 |
||
| 942 | _cBK | ||
| 999 |
_c56465 _d56465 |
||